000 00253nam a22001097a 4500
008 170113b xxu||||| |||| 00| 0 eng d
020 _a9780721695341
041 _aeng
080 _24TH
_a618.2
245 _aPOLICY & POLITICS
_cMASON, D.J
942 _2udc
_cBK
999 _c2899
_d2899